[Event "Campeonato Brasileiro Amador 2015"]
[Site "Esporte Clube Pinheiros, São P"]
[Date "2015.05.03"]
[Round "6.56"]
[White "Crul, Otavio Augusto Barro"]
[Black "De Borba, Guilherme"]
[Result "0-1"]
[WhiteElo "1623"]
[BlackElo "1863"]
[PlyCount "110"]
[EventDate "2015.04.30"]

1. d4 Nf6 2. c4 c5 3. d5 e6 4. Nc3 exd5 5. cxd5 d6 6. e4 g6 7. Nf3 Bg7 8. Be2
O-O 9. O-O Re8 10. Nd2 Nbd7 11. Qc2 Ne5 12. a4 g5 13. Re1 h6 14. Ra3 b6 15. Nf1
Qe7 16. Ng3 Ng6 17. Bb5 Rf8 18. Nd1 a6 19. Bf1 Rb8 20. Ne3 Nh4 21. Bd2 Re8 22.
Nd1 Ng4 23. f3 Bd4+ 24. Be3 Nxe3 25. Nxe3 Qf6 26. Rb3 Bd7 27. Rd3 b5 28. b3
bxa4 29. bxa4 Rb2 30. Qc4 Bh3 31. Re2 Bc8 32. Rxb2 Bxb2 33. Nc2 Ng6 34. Rb3 Ne5
35. Qe2 Bc1 36. Qd1 Bf4 37. Nh5 Qg6 38. g4 Bd7 39. a5 Ba4 40. Rb2 c4 41. Be2
Rc8 42. Rb6 Be3+ 43. Kg2 Bxb6 44. axb6 Rb8 45. Qb1 Nxg4 46. Nd4 Ne3+ 47. Kf2
Qxh5 48. Kxe3 Qxh2 49. b7 Qf4+ 50. Kf2 Qd2 51. Nc6 Bxc6 52. dxc6 Qd4+ 53. Kg2
Qc5 54. Qb2 c3 55. Qc2 Qxc6 0-1

[Event "Campeonato Brasileiro Amador 2015"]
[Site "Esporte Clube Pinheiros, São P"]
[Date "2015.05.03"]
[Round "6.57"]
[White "Ferreira Brandet, Rodrigo"]
[Black "Santos, Marcos Correia"]
[Result "1-0"]
[WhiteElo "1856"]
[BlackElo "1531"]
[PlyCount "67"]
[EventDate "2015.04.30"]

1. d4 e6 2. c4 f5 3. g3 Nf6 4. Bg2 Be7 5. Nh3 O-O 6. O-O d6 7. Nc3 e5 8. dxe5
dxe5 9. Qxd8 Bxd8 10. Bg5 c6 11. e4 h6 12. Be3 Ng4 13. Bc5 Rf7 14. Rad1 Bc7 15.
f3 Na6 16. fxg4 Nxc5 17. exf5 Bb6 18. Kh1 Nd7 19. Ne4 Bc7 20. g5 Nb6 21. f6
Bxh3 22. Bxh3 Kh8 23. Be6 Rff8 24. c5 Nd5 25. Bxd5 cxd5 26. Rxd5 gxf6 27. Rd7
Bd8 28. g6 Kg8 29. b4 f5 30. Nd6 e4 31. Nxf5 Bg5 32. h4 e3 33. hxg5 e2 34.
Nxh6+ 1-0

[Event "Campeonato Brasileiro Amador 2015"]
[Site "Esporte Clube Pinheiros, São P"]
[Date "2015.05.03"]
[Round "6.64"]
[White "Rodrigues, Julliano De Araujo"]
[Black "Auriemo, Danielle Ferreira"]
[Result "1-0"]
[WhiteElo "1808"]
[BlackElo "1643"]
[PlyCount "109"]
[EventDate "2015.04.30"]

1. e4 e5 2. Nf3 Nc6 3. Bc4 Bc5 4. c3 Nf6 5. d3 O-O 6. h3 d6 7. Bb3 Be6 8. O-O
Bxb3 9. Qxb3 Bb6 10. Bg5 h6 11. Bh4 Qd7 12. Bxf6 gxf6 13. Nbd2 Kh7 14. Nc4 Rg8
15. Kh2 f5 16. Nxb6 axb6 17. Nh4 fxe4 18. dxe4 Qe6 19. Nf5 Qg6 20. g3 Qf6 21.
Qc4 Rac8 22. Qd5 Qe6 23. b4 Rb8 24. f4 exf4 25. Rxf4 Ne5 26. Qd2 Rg6 27. Raf1
Rbg8 28. Qd5 c6 29. Qd2 Ra8 30. R1f2 Rag8 31. g4 Rg5 32. Qxd6 Ng6 33. R4f3 Nh4
34. Rd3 Nxf5 35. exf5 Qc4 36. Qd4 Qb5 37. Qd7 Qe5+ 38. Rg3 h5 39. Qxf7+ R8g7
40. Qe6 Qc7 41. f6 h4 42. Qe4+ Kh6 43. Qf4 hxg3+ 44. Kxg3 Qxf4+ 45. Rxf4 Rf7
46. h4 Rd5 47. g5+ Kh5 48. Re4 c5 49. Kf4 Kxh4 50. Re7 Rd7 51. Re8 Kh5 52. Kf5
Rh7 53. Rg8 Rd5+ 54. Kf4 Rf7 55. Rh8+ 1-0

[Event "Campeonato Brasileiro Amador 2015"]
[Site "Esporte Clube Pinheiros, São P"]
[Date "2015.05.03"]
[Round "6.65"]
[White "Silvestre, Gilmar Severino"]
[Black "Silva, Rodrigo Ferreira"]
[Result "1-0"]
[WhiteElo "1635"]
[BlackElo "1801"]
[PlyCount "24"]
[EventDate "2015.04.30"]

1. d4 Nf6 2. Nf3 g6 3. Bf4 Bg7 4. Nc3 d6 5. Qd2 Nc6 6. e3 O-O 7. O-O-O a6 8. e4
Nh5 9. Bh6 e5 10. dxe5 Bxh6 11. Qxh6 Bg4 12. exd6 cxd6 1-0

[Event "Campeonato Brasileiro Amador 2015"]
[Site "Esporte Clube Pinheiros, São P"]
[Date "2015.05.03"]
[Round "6.66"]
[White "Fantinati, Nilton M. Nasciment"]
[Black "De Moura, Valderi Nascimento"]
[Result "0-1"]
[WhiteElo "1561"]
[BlackElo "1799"]
[PlyCount "106"]
[EventDate "2015.04.30"]

1. b3 Nf6 2. Bb2 g6 3. e3 Bg7 4. d4 c5 5. d5 b6 6. c4 e6 7. d6 Nc6 8. Nf3 O-O
9. Ne5 Bb7 10. f3 Nxe5 11. Bxe5 Nh5 12. Bxg7 Qh4+ 13. Kd2 Kxg7 14. Bd3 a5 15.
Nc3 Bc6 16. Qe1 Qd8 17. Ne4 f5 18. Nc3 Qb8 19. Kc2 Qxd6 20. Rd1 Qe7 21. Rd2 a4
22. e4 axb3+ 23. axb3 f4 24. g4 fxg3 25. hxg3 Rxf3 26. g4 Nf4 27. Rdh2 Rh8 28.
Be2 Nxe2 29. Qxe2 Qf6 30. Qd2 Rxc3+ 31. Qxc3 Bxe4+ 32. Kd2 Qxc3+ 33. Kxc3 Bxh1
34. Rxh1 Kf6 35. Rd1 Ke7 36. g5 h6 37. gxh6 Rxh6 38. Rg1 d5 39. cxd5 exd5 40.
Re1+ Kd6 41. Rg1 b5 42. Rf1 d4+ 43. Kd3 Kd5 44. Rf8 Rh3+ 45. Kc2 b4 46. Rd8+
Ke4 47. Re8+ Kf5 48. Rf8+ Kg4 49. Rg8 g5 50. Kd2 Rxb3 51. Kc2 Rc3+ 52. Kd2 b3
53. Rb8 Kg3 0-1

[Event "Campeonato Brasileiro Amador 2015"]
[Site "Esporte Clube Pinheiros, São P"]
[Date "2015.05.03"]
[Round "6.67"]
[White "Coronado, Evandro Jose"]
[Black "Yoshioka, Hugo"]
[Result "1-0"]
[WhiteElo "1787"]
[BlackElo "1578"]
[PlyCount "107"]
[EventDate "2015.04.30"]

1. d4 d5 2. c4 Bf5 3. Nc3 e6 4. Nf3 c6 5. Bf4 Nf6 6. e3 Be7 7. cxd5 exd5 8. Bd3
Bxd3 9. Qxd3 O-O 10. O-O Nbd7 11. Qf5 h6 12. Ne5 Nxe5 13. Bxe5 Rc8 14. a3 Re8
15. b4 Qd7 16. Qxd7 Nxd7 17. Bg3 a6 18. Na4 b5 19. Nc5 Nxc5 20. bxc5 Bd8 21. a4
b4 22. a5 Bc7 23. Rfb1 Bxg3 24. hxg3 Rb8 25. Ra4 Rb5 26. Raxb4 Rxa5 27. Rb8 Kf8
28. Rxe8+ Kxe8 29. Rb6 Kd7 30. Rb7+ Ke8 31. Rc7 Ra1+ 32. Kh2 a5 33. Rxc6 a4 34.
Ra6 a3 35. g4 g6 36. Kg3 a2 37. Kf4 f6 38. Kg3 g5 39. f3 Ke7 40. e4 dxe4 41.
fxe4 Kd7 42. d5 Kc7 43. Ra4 Kd7 44. Ra7+ Kc8 45. c6 Kb8 46. Rb7+ Kc8 47. Rb2
Kc7 48. Rb7+ Kc8 49. Ra7 Kb8 50. Ra4 Kc7 51. Kf2 Kc8 52. d6 Kb8 53. c7+ Kb7 54.
Rb4+ 1-0

[Event "Campeonato Brasileiro Amador 2015"]
[Site "Esporte Clube Pinheiros, São P"]
[Date "2015.05.03"]
[Round "6.68"]
[White "Bocca, Edson Ricardo"]
[Black "Dibai, Jerry"]
[Result "1/2-1/2"]
[WhiteElo "1583"]
[BlackElo "1786"]
[PlyCount "35"]
[EventDate "2015.04.30"]

1. e4 c5 2. Nf3 g6 3. Bc4 e6 4. O-O Bg7 5. Re1 Ne7 6. c3 O-O 7. d4 cxd4 8. Nxd4
Nbc6 9. Nxc6 Nxc6 10. Bf4 Na5 11. Bb3 Nxb3 12. Qxb3 d5 13. exd5 exd5 14. Na3 b6
15. Rad1 Be6 16. Qb4 Qc8 17. Nc2 Re8 18. Nd4 1/2-1/2

[Event "Campeonato Brasileiro Amador 2015"]
[Site "Esporte Clube Pinheiros, São P"]
[Date "2015.05.03"]
[Round "6.69"]
[White "Nunes, Marcela Andreia Dias"]
[Black "Souza, Kim Garcia De"]
[Result "0-1"]
[WhiteElo "1497"]
[BlackElo "1764"]
[PlyCount "168"]
[EventDate "2015.04.30"]

1. d4 d5 2. c4 e6 3. Nc3 Nf6 4. Bg5 Be7 5. e3 b6 6. Nf3 Bb7 7. Be2 h6 8. Bf4
Nh5 9. Be5 Nd7 10. cxd5 exd5 11. O-O Nxe5 12. Nxe5 Nf6 13. Bb5+ Kf8 14. Nc6 Qd6
15. Nxe7 Kxe7 16. a3 c6 17. Be2 g5 18. Rc1 h5 19. b4 b5 20. Qd3 Ng4 21. f4 Rag8
22. h3 Nh6 23. Bxh5 g4 24. hxg4 Nxg4 25. Bxg4 Rxg4 26. Qf5 Rhg8 27. Rc2 f6 28.
Rf3 Bc8 29. Qd3 Rh4 30. Kf2 Rh2 31. Rg3 Bg4 32. Ne2 Qe6 33. Qc3 Kd7 34. Qc5 Ra8
35. Rc1 f5 36. a4 a6 37. Qb6 Rc8 38. Qxa6 bxa4 39. Qxa4 Rhh8 40. b5 cxb5 41.
Qxb5+ Ke7 42. Ra1 Rc6 43. Ra7+ Kd8 44. Ra8+ Rc8 45. Qa5+ Ke7 46. Ra7+ Kf6 47.
e4 Qxe4 48. Re3 Qxe3+ 49. Kxe3 Rhe8+ 50. Kd2 Rxe2+ 51. Kd3 Re6 52. Ra6 Be2+ 53.
Kd2 Bxa6 54. Qxd5 Rce8 55. g4 fxg4 56. Qg5+ Kf7 57. Qd5 Kg7 58. Qg5+ Rg6 59.
Qd5 Re2+ 60. Kc3 g3 61. f5 Rf6 62. Qd7+ Rf7 63. f6+ Kxf6 64. Qd6+ Re6 65. Qxg3
Rfe7 66. Qf4+ Kg7 67. Qg5+ Kf8 68. Qf5+ Ke8 69. Qh5+ Kd7 70. Qd5+ Rd6 71. Qf5+
Kc7 72. Qa5+ Rb6 73. d5 Kb7 74. Kd4 Rd7 75. Qc3 Rc7 76. Qg3 Rd7 77. Qc3 Rbd6
78. Qb4+ Ka8 79. Qc5 Bb7 80. Qa3+ Kb8 81. Kc3 Rxd5 82. Qf8+ Ka7 83. Qa3+ Ba6
84. Kc2 Rd2+ 0-1

[Event "Campeonato Brasileiro Amador 2015"]
[Site "Esporte Clube Pinheiros, São "]
[Date "2015.05.03"]
[Round "6.70"]
[White "Sato, Leticia Miho"]
[Black "Andor, Jorge"]
[Result "0-1"]
[WhiteElo "1403"]
[BlackElo "1761"]
[PlyCount "144"]
[EventDate "2015.04.30"]

1. d4 Nf6 2. Nf3 d5 3. Bf4 e6 4. e3 Bd6 5. Bg3 O-O 6. c4 c6 7. Bd3 dxc4 8. Bxc4
b5 9. Bxd6 Qxd6 10. Bd3 Bb7 11. O-O Na6 12. e4 Qf4 13. Qd2 Qg4 14. h3 Qh5 15.
Ne5 c5 16. Be2 Qh4 17. Nf3 Qxe4 18. Bxb5 cxd4 19. Qxd4 Rfd8 20. Qxe4 Nxe4 21.
Re1 Nec5 22. Nbd2 Nb4 23. Rec1 Ncd3 24. Bxd3 Nxd3 25. Rc7 Bd5 26. b3 h6 27. Rd1
Rdc8 28. Rxc8+ Rxc8 29. Nc4 Nf4 30. Na3 Rc1 31. Rxc1 Ne2+ 32. Kf1 Nxc1 33. Nb5
Nxa2 34. Nxa7 Bxb3 35. g4 Nc3 36. Kg2 Bd5 37. Kg3 Ne2+ 38. Kg2 Nd4 39. Nc8
Bxf3+ 40. Kg3 Bd5 41. Nd6 Ne2+ 42. Kh4 Kf8 43. g5 hxg5+ 44. Kxg5 Ke7 45. Nb5
Be4 46. h4 f6+ 47. Kg4 g6 48. h5 g5 49. h6 e5 50. Kh5 Bh7 51. Nc7 Kf7 52. Nd5
Nf4+ 53. Nxf4 gxf4 54. f3 Ke6 55. Kg4 Bg6 56. Kh3 Kf5 57. Kg2 Kg5 58. Kf2 Kxh6
59. Ke2 Kh5 60. Kf2 Kh4 61. Kg2 Bf5 62. Kh2 Bc8 63. Kg2 f5 64. Kh2 Bb7 65. Kg2
Bc6 66. Kf2 Kh3 67. Kg1 Kg3 68. Kh1 Bxf3+ 69. Kg1 e4 70. Kf1 e3 71. Kg1 Bg4 72.
Kh1 e2 0-1

[Event "Campeonato Brasileiro Amador 2015"]
[Site "Esporte Clube Pinheiros, São P"]
[Date "2015.05.03"]
[Round "6.71"]
[White "Alves Da Silva, Jadson Paulino"]
[Black "Ferreira, Rafael Cassoni Buelo"]
[Result "1-0"]
[WhiteElo "1742"]
[BlackElo "1569"]
[PlyCount "63"]
[EventDate "2015.04.30"]

1. e4 d6 2. d4 Nf6 3. Nc3 g6 4. f4 Bg7 5. Nf3 O-O 6. Be3 Bg4 7. Be2 b6 8. h3
Bd7 9. Qd2 c5 10. e5 cxd4 11. Nxd4 dxe5 12. fxe5 e6 13. exf6 Qxf6 14. O-O-O e5
15. Rhf1 Qe7 16. Ndb5 Nc6 17. Qxd7 Qxd7 18. Rxd7 a6 19. Nd6 e4 20. Ndxe4 Rfd8
21. Bxb6 Rab8 22. Rfxf7 Bxc3 23. Nxc3 Rxb6 24. Rg7+ Kh8 25. Rxh7+ Kg8 26. Rdg7+
Kf8 27. Bc4 Ne7 28. Rf7+ Kg8 29. Rxe7+ Kf8 30. Ref7+ Kg8 31. Rfg7+ Kf8 32. Rg8#
1-0

[Event "Campeonato Brasileiro Amador 2015"]
[Site "Esporte Clube Pinheiros, São "]
[Date "2015.05.03"]
[Round "6.72"]
[White "Primo E Silva, Beatriz"]
[Black "Mesquita, Arnaldo Leite"]
[Result "0-1"]
[WhiteElo "1467"]
[BlackElo "1730"]
[PlyCount "140"]
[EventDate "2015.04.30"]

1. d4 Nf6 2. c4 e6 3. Nc3 Bb4 4. e3 Bxc3+ 5. bxc3 O-O 6. c5 b6 7. Ba3 d6 8.
cxd6 cxd6 9. Qf3 Qc7 10. Rc1 Nc6 11. Bd3 Bb7 12. Qg3 Rfd8 13. Nf3 e5 14. Qh4
Qe7 15. Ng5 h6 16. Ne4 Nxe4 17. Qxe4 g6 18. d5 f5 19. Qa4 Na5 20. c4 Qh4 21.
Bb4 Qg4 22. Bf1 Qe4 23. Bxa5 bxa5 24. Qxa5 f4 25. Qc3 Rac8 26. Qd3 Bxd5 27.
Qxe4 Bxe4 28. Kd2 Rc5 29. f3 fxe3+ 30. Kxe3 Bf5 31. Bd3 Bxd3 32. Kxd3 Ra5 33.
Rc2 Kf7 34. Rf1 Ke6 35. f4 Rf8 36. Ke4 exf4 37. Rxf4 Re5+ 38. Kf3 Rxf4+ 39.
Kxf4 Kd7 40. Kf3 Kc6 41. g3 Kc5 42. Kf4 Re1 43. h4 Rd1 44. Ke3 Rd4 45. Rc3 Rxc4
46. Ra3 Kb6 47. Kd3 Rg4 48. Rb3+ Kc5 49. Rc3+ Kd5 50. Kd2 Ra4 51. a3 Rd4+ 52.
Rd3 Rxd3+ 53. Kxd3 h5 54. a4 a5 55. Ke3 Kc4 56. Kd2 Kd4 57. Kd1 Kd3 58. Ke1 d5
59. Kd1 d4 60. Ke1 Kc2 61. Ke2 d3+ 62. Kf3 d2 63. Kf4 d1=Q 64. Kg5 Qg4+ 65. Kh6
Kd3 66. Kg7 Ke4 67. Kh6 Kf5 68. Kh7 g5 69. Kh6 gxh4 70. gxh4 Kf6 0-1

[Event "Campeonato Brasileiro Amador 2015"]
[Site "Esporte Clube Pinheiros, São P"]
[Date "2015.05.03"]
[Round "6.73"]
[White "Arduini, Leonardo Adolfo"]
[Black "Vilas Boas, Crisolon Terto"]
[Result "0-1"]
[WhiteElo "1716"]
[BlackElo "1568"]
[PlyCount "92"]
[EventDate "2015.04.30"]

1. Nc3 d5 2. d4 Nf6 3. Nf3 Bg4 4. h3 Bxf3 5. exf3 a6 6. Bg5 Nbd7 7. Bd3 h6 8.
Bd2 e5 9. dxe5 Nxe5 10. Qe2 Qe7 11. O-O-O Nxd3+ 12. Qxd3 O-O-O 13. Rhe1 Qd6 14.
g3 g5 15. f4 g4 16. h4 h5 17. Re5 Bg7 18. Nxd5 Nxd5 19. Qf5+ Kb8 20. Ree1 Qb6
21. c3 Qg6 22. Qxg6 fxg6 23. Be3 Nxe3 24. fxe3 Rxd1+ 25. Rxd1 Re8 26. Re1 Re4
27. Kc2 c5 28. Kd3 Ra4 29. a3 c4+ 30. Kd2 Kc7 31. e4 Kd6 32. e5+ Ke6 33. Re4
Kf5 34. Ke3 Bf8 35. Kd4 Ra5 36. Re2 Rc5 37. Rd2 b5 38. Ke3 Rc8 39. Rd7 Bc5+ 40.
Ke2 Rc6 41. Rf7+ Ke4 42. Rd7 Be3 43. Rf7 Bc1 44. Rf6 Rxf6 45. exf6 Bxb2 46. f7
Bxa3 0-1

[Event "Campeonato Brasileiro Amador 2015"]
[Site "Esporte Clube Pinheiros, São P"]
[Date "2015.05.03"]
[Round "6.74"]
[White "Schucman, Rebeca Lot"]
[Black "Castro, Leonardo Nascimento"]
[Result "1-0"]
[WhiteElo "1708"]
[BlackElo "1550"]
[PlyCount "75"]
[EventDate "2015.04.30"]

1. d4 Nf6 2. c4 g6 3. Nc3 Bg7 4. e4 d6 5. Nf3 O-O 6. Be2 e5 7. d5 Ne8 8. O-O f5
9. Ng5 f4 10. Ne6 Bxe6 11. dxe6 c6 12. c5 Qe7 13. Bc4 Kh8 14. Qd3 dxc5 15. Rd1
Nc7 16. Nd5 cxd5 17. exd5 Nxd5 18. Qxd5 Bf6 19. Bb5 Rd8 20. Bd7 Nxd7 21. exd7
Rab8 22. b3 e4 23. Bxf4 Ra8 24. Bc7 Bxa1 25. Rxa1 h5 26. Rd1 Kg7 27. Bxd8 Rxd8
28. Qxb7 e3 29. fxe3 Qxe3+ 30. Kh1 Qe2 31. Qd5 Qxa2 32. Qe5+ Kh6 33. Qf4+ Kg7
34. Qe5+ Kh6 35. Qe3+ Kg7 36. Qe7+ Kh6 37. Qxd8 Qxb3 38. Qf8+ 1-0

[Event "Campeonato Brasileiro Amador 2015"]
[Site "Esporte Clube Pinheiros, São P"]
[Date "2015.05.03"]
[Round "6.75"]
[White "Fernandes, Jose Francisco"]
[Black "Ferreira, Renato Luis Bueloni"]
[Result "1-0"]
[WhiteElo "1694"]
[BlackElo "1371"]
[PlyCount "72"]
[EventDate "2015.04.30"]

1. e4 d6 2. d4 g6 3. f4 Nf6 4. Bd3 Bg7 5. Nf3 O-O 6. h3 Nbd7 7. c4 b6 8. Nc3
Bb7 9. O-O c5 10. d5 a6 11. a4 a5 12. Be3 Nb8 13. f5 Nh5 14. g4 Nf6 15. Qd2 Na6
16. Bh6 Nb4 17. Bb1 Ba6 18. Bxg7 Kxg7 19. b3 h6 20. g5 Nh7 21. gxh6+ Kh8 22.
Ne2 Rg8 23. Kh2 g5 24. Qb2+ f6 25. Rg1 Qf8 26. Rg4 Qxh6 27. Bc2 Rg7 28. Rag1
Rag8 29. Bb1 Nf8 30. R1g3 Nd7 31. Qd2 Ne5 32. Nxe5 dxe5 33. Ng1 Rh7 34. Nf3
Rgg7 35. Rh4 gxh4 {Planilha ilegível} 36. Qxh6 Rxh6 1-0

[Event "Campeonato Brasileiro Amador 2015"]
[Site "Esporte Clube Pinheiros, São "]
[Date "2015.05.03"]
[Round "6.77"]
[White "Sato, Luiz Henrique Yuzo "]
[Black "Penha, Evelyn Maximiano"]
[Result "0-1"]
[WhiteElo "1240"]
[BlackElo "1652"]
[PlyCount "96"]
[EventDate "2015.04.30"]

1. d4 Nf6 2. Nf3 g6 3. Bf4 Bg7 4. e3 O-O 5. Nbd2 d6 6. Bc4 Nfd7 7. O-O e5 8.
dxe5 dxe5 9. Bg3 Kh8 10. e4 Qe7 11. c3 Nc5 12. b4 Ncd7 13. Qb3 Nb6 14. Bh4 f6
15. Rad1 Nxc4 16. Nxc4 g5 17. Bg3 Be6 18. h3 b5 19. Nfd2 bxc4 20. Nxc4 Qf7 21.
Nxe5 fxe5 22. Qa4 Bxa2 23. Rd2 Bb3 24. Qa5 Nc6 25. Qc5 Qc4 26. Rd5 Qxc5 27.
Rxc5 Nd8 28. Rxc7 Ne6 29. Re7 Rfe8 30. Rb7 Rec8 31. Rc1 Nd4 32. Kf1 Bc4+ 33.
Ke1 Nb5 34. f3 Rd8 35. Bf2 Rd3 36. Ra1 Rxc3 37. Kd2 Rd8+ 38. Ke1 Rc2 39. Bxa7
Re2+ 40. Kf1 Ra2+ 41. Kg1 Rxa1+ 42. Kh2 Nxa7 43. Rxa7 Rxa7 44. Kg3 Rb8 45. Kg4
h6 46. Kh5 Rxb4 47. g3 Bf8 48. g4 Bf7# 0-1

[Event "Campeonato Brasileiro Amador 2015"]
[Site "Esporte Clube Pinheiros, São "]
[Date "2015.05.03"]
[Round "6.80"]
[White "Schultz, Rauanda"]
[Black "Ribeiro, Pablyto Robert Baio"]
[Result "0-1"]
[WhiteElo "1540"]
[BlackElo "1955"]
[PlyCount "44"]
[EventDate "2015.04.30"]

1. d4 d5 2. c4 e6 3. Nc3 Nf6 4. Nf3 c6 5. e3 Bb4 6. Bd3 Ne4 7. Qc2 f5 8. O-O
Bd6 9. b3 O-O 10. Bb2 Rf6 11. Ne5 Rh6 12. g3 Nd7 13. Ne2 Bxe5 14. dxe5 g5 15.
cxd5 cxd5 16. Bd4 g4 17. Nf4 Nf8 18. Rac1 Bd7 19. Qe2 Ng6 20. Rc2 Ng5 21. h4
Nf3+ 22. Kh1 Rxh4+ 0-1

[Event "Campeonato Brasileiro Amador 2015"]
[Site "Esporte Clube Pinheiros, São "]
[Date "2015.05.03"]
[Round "6.81"]
[White "Paiva, Paulo Ricardo Gonca"]
[Black "Nobre, Jailson Altair Barb"]
[Result "1/2-1/2"]
[WhiteElo "1513"]
[BlackElo "1758"]
[PlyCount "126"]
[EventDate "2015.04.30"]

1. e4 d5 2. e5 c5 3. Nf3 Bg4 4. c3 e6 5. Qa4+ Nc6 6. Qxg4 Nge7 7. Bb5 Qb6 8.
Qa4 a6 9. Na3 Rc8 10. Bxc6+ Nxc6 11. Qb3 Qc7 12. O-O c4 13. Qd1 Nxe5 14. Nxe5
Qxe5 15. Re1 Qc7 16. Nc2 Bd6 17. g3 O-O 18. Nd4 Bc5 19. b4 cxb3 20. axb3 Qb6
21. Bb2 Rfe8 22. Re2 e5 23. Nf3 Qf6 24. Kg2 e4 25. Ng1 h5 26. h3 h4 27. g4 Qf4
28. Qe1 Re6 29. d4 Bd6 30. Kf1 Rg6 31. Bc1 Qf6 32. Ra5 Bh2 33. Rxd5 Bxg1 34.
Kxg1 Qe6 35. Rg5 Qxb3 36. Rxg6 fxg6 37. Rxe4 Rxc3 38. Re3 Rxe3 39. fxe3 b5 40.
Bd2 g5 41. Ba5 Qd5 42. Qf2 Qe4 43. Kh2 Qe7 44. Qd2 Qd6+ 45. Kh1 Qg3 46. Qg2
Qxe3 47. Qd5+ Kh7 48. Qf5+ Kh6 49. d5 Qxh3+ 50. Kg1 Qe3+ 51. Qf2 Qc1+ 52. Kg2
Qc4 53. Qb6+ Kh7 54. Qe6 Qa2+ 55. Kg1 Qxa5 56. Qf5+ Kh6 57. Qe6+ Kh7 58. Qf5+
Kg8 59. Qc8+ Kf7 60. Qe6+ Kf8 61. Qc8+ Ke7 62. Qe6+ Kd8 63. Qg8+ Kd7 1/2-1/2

[Event "Campeonato Brasileiro Amador 2015"]
[Site "Esporte Clube Pinheiros, São "]
[Date "2015.05.03"]
[Round "6.82"]
[White "Zmetek, Marcos Simao"]
[Black "Jesus, Mariana De"]
[Result "1/2-1/2"]
[WhiteElo "1482"]
[BlackElo "1727"]
[PlyCount "47"]
[EventDate "2015.04.30"]

1. e4 c5 2. Nf3 Nc6 3. d4 cxd4 4. Nxd4 d6 5. Bc4 Ne5 6. Qe2 g6 7. O-O Bg7 8.
Be3 Nf6 9. Nd2 O-O 10. f4 Nc6 11. c3 Ng4 12. Rae1 Nxe3 13. Qxe3 Qb6 14. Nxc6
Qxe3+ 15. Rxe3 bxc6 16. e5 d5 17. Bd3 Rd8 18. f5 d4 19. cxd4 Rxd4 20. fxg6 hxg6
21. h3 Bh6 22. Ref3 Be6 23. Nc4 Rad8 24. Be2 1/2-1/2

[Event "Campeonato Brasileiro Amador 2015"]
[Site "Esporte Clube Pinheiros, São "]
[Date "2015.05.03"]
[Round "6.83"]
[White "Castellar, Juarez Iorio"]
[Black "Teshima, Ricardo Yoshida"]
[Result "0-1"]
[WhiteElo "1472"]
[BlackElo "1690"]
[PlyCount "69"]
[EventDate "2015.04.30"]

1. Nf3 Nf6 2. g3 b6 3. Bg2 Bb7 4. d3 e6 5. O-O Be7 6. b3 d6 7. Bb2 Nbd7 8. Nbd2
d5 9. e4 dxe4 10. dxe4 O-O 11. Re1 c5 12. c4 Qc7 13. Qc2 Rfd8 14. Rad1 Bf8 15.
h3 Rac8 16. Nh2 e5 17. Ndf3 Ne8 18. Rd2 f6 19. Red1 Nb8 20. Ng4 Nc6 21. a3 Qb8
22. Ne1 Nd4 23. Bxd4 cxd4 24. Qb2 h5 25. Nh2 Qd6 26. Ra1 Nc7 27. Nd3 a5 28. Rc2
Na6 29. g4 Nc5 30. Nxc5 bxc5 31. Rd2 Qa6 32. Nf1 Rb8 33. Qc2 Bc6 34. a4 Rd7 35.
Rd3 {ilegivel} 0-1

[Event "Campeonato Brasileiro Amador 2015"]
[Site "Esporte Clube Pinheiros, São P"]
[Date "2015.05.03"]
[Round "6.84"]
[White "Camargo, Luca Oshiro"]
[Black "Gomes Silverio, Taua"]
[Result "1/2-1/2"]
[WhiteElo "1467"]
[BlackElo "1677"]
[PlyCount "77"]
[EventDate "2015.04.30"]

1. e4 e5 2. Bc4 Nf6 3. d3 d6 4. Nf3 Bg4 5. h3 Bh5 6. Nc3 Be7 7. Bg5 Nbd7 8. Qe2
h6 9. Bh4 O-O 10. g4 Bg6 11. O-O-O Nxe4 12. dxe4 Bxh4 13. Kb1 Be7 14. h4 c6 15.
Qe3 Qb6 16. Qxb6 Nxb6 17. Bb3 Rad8 18. h5 Bh7 19. Rhg1 Kh8 20. g5 Bg8 21. gxh6
gxh6 22. Ne2 f5 23. Bxg8 Rxg8 24. exf5 Rxg1 25. Rxg1 Rg8 26. Rg6 Rxg6 27. fxg6
Bf6 28. Kc1 d5 29. c3 Nc4 30. Ng3 Nd6 31. Kd2 c5 32. Ke2 e4 33. Nd2 Bh4 34. Ke3
Bg5+ 35. Ke2 Kg8 36. f3 exf3+ 37. Nxf3 Bc1 38. b3 Bb2 39. Kd2 {Ilegível}
1/2-1/2

[Event "Campeonato Brasileiro Amador 2015"]
[Site "Esporte Clube Pinheiros, São "]
[Date "2015.05.03"]
[Round "6.85"]
[White "Tamarozi, Isaque"]
[Black "Ivanovic, Sebastian"]
[Result "1-0"]
[WhiteElo "1644"]
[BlackElo "1424"]
[PlyCount "31"]
[EventDate "2015.04.30"]

1. d4 Nf6 2. c4 g6 3. Nc3 Bg7 4. Bg5 O-O 5. e4 d6 6. Be2 Nbd7 7. Nf3 Re8 8. O-O
e5 9. d5 h6 10. Bd2 Nh5 11. Qc1 g5 12. Nxg5 Ndf6 13. Nf3 Kh7 14. h3 Rg8 15. Nh2
Ne8 16. Bxh5 1-0

[Event "Campeonato Brasileiro Amador 2015"]
[Site "Esporte Clube Pinheiros, SÃ£o P"]
[Date "2015.05.03"]
[Round "6.96"]
[White "Brujin, Homero"]
[Black "Felix, Luiza De Oliveira"]
[Result "0-1"]
[WhiteElo "1486"]
[BlackElo "1464"]
[PlyCount "96"]
[EventDate "2015.04.30"]

1. d4 Nf6 2. c4 e6 3. Nf3 Bb4+ 4. Bd2 Bxd2+ 5. Nbxd2 b6 6. e4 Bb7 7. d5 exd5 8.
cxd5 O-O 9. Bd3 Na6 10. O-O Re8 11. Re1 Nc5 12. Bc2 Ba6 13. b4 Nd3 14. Bxd3
Bxd3 15. e5 Nxd5 16. Qb3 Nf4 17. g3 Ne2+ 18. Kh1 Ba6 19. b5 Nxg3+ 20. hxg3 Bb7
21. Kg1 Re6 22. Qc4 Rh6 23. Kf1 a6 24. Kg2 Qg5 25. Rh1 Qxd2 26. Rxh6 Qxh6 27.
Qxc7 Bxf3+ 28. Kxf3 Qh5+ 29. Kg2 axb5 30. Rc1 h6 31. Rc2 Qf5 32. Re2 Qd3 33.
Re3 Qd5+ 34. Rf3 Ra3 35. Qc8+ Kh7 36. Qc2+ g6 37. Qe2 Rxa2 38. Qd3 Qxd3 39.
Rxd3 Ra7 40. f4 Kg7 41. Rd6 Rb7 42. Kf2 Kf8 43. Ke3 Ke7 44. Kd4 f6 45. Rxf6 d6
46. Rxg6 dxe5+ 47. Kxe5 Kf7 48. Rxh6 Kg7 0-1

[Event "Campeonato Brasileiro Amador 2015"]
[Site "Esporte Clube Pinheiros, SÃ£o P"]
[Date "2015.05.03"]
[Round "6.97"]
[White "Sato, Claudio Takeshi"]
[Black "Lukjanenko Callegari, Lucca"]
[Result "1-0"]
[WhiteElo "1473"]
[BlackElo "1320"]
[PlyCount "78"]
[EventDate "2015.04.30"]

1. e4 c6 2. d4 d5 3. e5 Bf5 4. Nf3 e6 5. Be2 Nd7 6. O-O c5 7. c3 Ne7 8. Bg5 Qb6
9. b3 Ng6 10. Nh4 Nxh4 11. Bxh4 cxd4 12. cxd4 Rc8 13. f4 Bc2 14. Qd2 Bb4 15.
Qe3 O-O 16. a3 Bxb1 17. Rfxb1 Bc3 18. Bf2 Bxa1 19. Rxa1 Rc2 20. Bd1 Rc6 21. b4
Rfc8 22. Be1 f6 23. Ba4 R6c7 24. Qd3 fxe5 25. fxe5 Rc1 26. Rxc1 Rxc1 27. Qd2
Rxe1+ 28. Qxe1 Qxd4+ 29. Kf1 Qf4+ 30. Kg1 Qxe5 31. Qc1 Qd4+ 32. Kh1 Nb6 33. Bb3
e5 34. h3 Qd3 35. Bc2 Qc3 36. Bxh7+ Kxh7 37. Qxc3 e4 38. Qc7 d4 39. Qxb7 d3 1-0

[Event "Campeonato Brasileiro Amador 2015"]
[Site "Esporte Clube Pinheiros, SÃ£o P"]
[Date "2015.05.03"]
[Round "7.1"]
[White "Rodrigues, Leonardo De Miranda"]
[Black "Abdalla, Jose Lucas Aurelli"]
[Result "1-0"]
[WhiteElo "2111"]
[BlackElo "2096"]
[PlyCount "117"]
[EventDate "2015.04.30"]

1. e4 c5 2. Nf3 Nc6 3. c3 d5 4. exd5 Qxd5 5. d4 Bg4 6. Be2 e6 7. Na3 cxd4 8.
Nb5 Rc8 9. Nbxd4 Nf6 10. O-O Be7 11. Be3 O-O 12. Nxc6 bxc6 13. Qa4 c5 14. Rad1
Qa8 15. Rd2 Bf5 16. Ne5 Be4 17. f3 Bb7 18. c4 Rfd8 19. Rfd1 h6 20. Rxd8+ Bxd8
21. a3 Bc7 22. Nd7 Nxd7 23. Qxd7 Bc6 24. Qe7 Qb8 25. b4 Bxh2+ 26. Kf1 Ba4 27.
Rd2 Qe5 28. Rd8+ Rxd8 29. Qxd8+ Kh7 30. Qd2 cxb4 31. axb4 Bc6 32. b5 Bb7 33.
Qd4 Qxd4 34. Bxd4 a6 35. b6 a5 36. c5 Bc6 37. Ke1 Bb8 38. Kd2 h5 39. Bc3 a4 40.
Kc2 Kg8 41. Kb2 Kf8 42. Ka3 e5 43. Kb4 Ke7 44. Bb5 Kd7 45. Kxa4 g5 46. Ka5 g4
47. Be1 f5 48. Ka6 e4 49. fxe4 fxe4 50. b7 Bc7 51. Bf2 g3 52. Be3 Bxb5+ 53.
Kxb5 h4 54. c6+ Ke6 55. Bb6 h3 56. gxh3 g2 57. Bxc7 g1=Q 58. b8=Q Qb1+ 59. Ka6
1-0